|
|
|
|
| LEADER |
00000nab a2200000 a 4500 |
| 001 |
vtls000632527 |
| 003 |
SK-MaSNL |
| 005 |
20260303172332.0 |
| 008 |
040806c1997 xo 0 slo |
| 015 |
|
|
|a SNBRB19rr/mm-uuuuu
|
| 035 |
|
|
|a CL0632666
|
| 040 |
|
|
|a SNKBUCL
|b slo
|c SNKBUCL
|e AACR2
|
| 041 |
0 |
|
|a slo
|
| 044 |
|
|
|a xo
|c SK
|
| 080 |
|
|
|a 725.94(437.6):011/016
|2 1981
|
| 080 |
|
|
|a 011/016
|2 1981
|
| 100 |
1 |
|
|a Papiežová, Anna,
|d 1941-
|4 aut
|9 115315
|
| 245 |
1 |
0 |
|a Pamätné tabule mesta Košice
|b Pozoruhodná publikácia Slovenského kultúrneho centra verejnej knižnice Jána Bocatia v Košiciach
|c Anna Papiežová
|
| 650 |
0 |
7 |
|a pamätné tabule
|2 snkbucl
|9 29445
|
| 650 |
0 |
7 |
|a regionálne bibliografie
|2 snkbucl
|9 266593
|
| 651 |
|
7 |
|a Košice (Slovensko)
|2 snkbucl
|9 18694
|
| 655 |
|
7 |
|a články z novín a časopisov
|2 snkbucl
|9 267496
|
| 700 |
1 |
|
|a Kolivošková, Elena,
|d 1949-
|4 com
|9 103200
|
| 773 |
0 |
|
|t Národná osveta
|g Roč. 7, č. 9 (1997), s. 12
|
| 787 |
0 |
8 |
|i Rec.:
|a Kolivošková, Elena
|t Pamätné tabule mesta Košice
|d Košice : Verejná knižnica Jána Bocatia, 1996
|
| 850 |
|
|
|a Slovenská národná knižnica v Martine
|a MTA001
|
| 852 |
|
|
|a SNK
|b KIS3GCP
|
| 999 |
|
|
|c 2086021
|d 2087951
|